000
00314nam a22001217a 4500
008
180921b xxu||||| |||| 00| 0 eng d
041
_a
eng
080
_a
004
100
_a
004
101
_a
SHK
245
_a
Hierachical Linear And Nonlinear Modeling With The Hlm And Programs
_c
Bryk.A.S
942
_2
udc
_c
BK
999
_c
48162
_d
48162